| 000 -LEADER |
| fixed length control field |
01128nam a22002417a 4500 |
| 003 - CONTROL NUMBER IDENTIFIER |
| control field |
OSt |
| 005 - DATE AND TIME OF LATEST TRANSACTION |
| control field |
20260122200003.0 |
| 008 - FIXED-LENGTH DATA ELEMENTS--GENERAL INFORMATION |
| fixed length control field |
230420b ||||| |||| 00| 0 eng d |
| 040 ## - CATALOGING SOURCE |
| Transcribing agency |
Ost |
| 041 ## - LANGUAGE CODE |
| Language code of text/sound track or separate title |
Shan |
| 082 ## - DEWEY DECIMAL CLASSIFICATION NUMBER |
| Classification number |
294.34435 |
| 245 ## - TITLE STATEMENT |
| Title |
ဝိပသၼႃ-မူပတိၵ်ၸသံမုၵ်ပတ်တီပၼီၵျံး။ |
| Statement of responsibility, etc. |
မူၸုံးဝုၺ်ယႃဝိတ်ၸ-ၵျွင်းပင်လုံး ဝိင်းလႃသိဝ် ၶပ်းၶိုင်- |
| 250 ## - EDITION STATEMENT |
| Edition statement |
ပွၵ်ႈၵမ်း-2 |
| 260 ## - PUBLICATION, DISTRIBUTION, ETC. |
| Place of publication, distribution, etc. |
လႃသိဝ် |
| Name of publisher, distributor, etc. |
တုၵ်ပေႃႉလိၵ်ဢွင်မင်ၵလႃ |
| Date of publication, distribution, etc. |
1971 |
| 300 ## - PHYSICAL DESCRIPTION |
| Extent |
70 ၼႃႈ |
| Dimensions |
18 ၸိၼ်ႇထီႇ |
| 500 ## - GENERAL NOTE |
| General note |
S-SAT: Dr. Prof Sai Aung Tun |
|
| General note |
ပပ်ႉၸဝ်ႈတႃႇၼႁင်းၶႃး တွၵ်ႉတိူဝ်ႇၸၢႆးဢွင်ႇထုၼ်း လူႇဝႆႉ |
| 650 ## - SUBJECT ADDED ENTRY--TOPICAL TERM |
| Topical term or geographic name entry element |
ၵၢၼ်ၼင်ႈတြႃး (ဝိပသ်ႉသၼႃႇ) |
|
| Topical term or geographic name entry element |
ၵမ်ႇမထၢၼ်း |
| 942 ## - ADDED ENTRY ELEMENTS (KOHA) |
| Koha item type |
Book (Short term) |
| 650 ## - SUBJECT ADDED ENTRY--TOPICAL TERM |
| 9 (RLIN) |
23320 |
|
| 9 (RLIN) |
23321 |
|
| Source of classification or shelving scheme |
|
|
| Source of classification or shelving scheme |
|